00539nam a2200133Ia 450000500170000000800410001702000150005808200130007310000170008624500500010326000440015330000180019750001900021520240902052550.0240331s9999 xx 000 0 und d a9559362003 bSENa800 aSenadhira, A 0aHistory of scientific literature of Sri Lanka acolombobForemost productions Ltdc1995 axv, 180 p ., aThis book is origins and development of the biomedical literature of Sri Lanka from ancient times to 1948. It is a historical study of the evolution of published scientific information.